Govt. of
Madhya Pradesh

विभागीय जॉच प्रक्रिया संहिता (Record no. 53515)

MARC details
000 -LEADER
fixed length control field 00502nam a22001697a 4500
003 - CONTROL NUMBER IDENTIFIER
control field MACL
005 - DATE AND TIME OF LATEST TRANSACTION
control field 20160312151057.0
008 - FIXED-LENGTH DATA ELEMENTS--GENERAL INFORMATION
fixed length control field 160312b xxu||||| |||| 00| 0 eng d
040 ## - CATALOGING SOURCE
Transcribing agency MACL
041 ## - LANGUAGE CODE
Language code of text/sound track or separate title Hindi
082 ## - DEWEY DECIMAL CLASSIFICATION NUMBER
Classification number 340
100 ## - MAIN ENTRY--PERSONAL NAME
Personal name शशिकांत भटट
9 (RLIN) 45411
245 ## - TITLE STATEMENT
Title विभागीय जॉच प्रक्रिया संहिता
260 ## - PUBLICATION, DISTRIBUTION, ETC. (IMPRINT)
Place of publication, distribution, etc. इन्‍दौर
Name of publisher, distributor, etc. दि लायर्स होम
Date of publication, distribution, etc. 1986
650 ## - SUBJECT ADDED ENTRY--TOPICAL TERM
Topical term or geographic name as entry element Law
9 (RLIN) 45412
942 ## - ADDED ENTRY ELEMENTS (KOHA)
Source of classification or shelving scheme
Koha item type Hindi Books
Holdings
Withdrawn status Lost status Source of classification or shelving scheme Damaged status Not for loan Home library Current library Date acquired Total Checkouts Full call number Barcode Date last seen Price effective from Koha item type
          MACL MACL 12/03/2016   340 CLH019454 12/03/2016 12/03/2016 Hindi Books